50 Movies That End in 'A' Quiz Stats

 Plays Quiz Updated Jun 20, 2019

Score 0/50 Timer 13:00
2 Plays Today
Hint Film % Correct
Servant girl loses glass slipper,
gets handsome prince.
Cinderella
96.9%
Triumphs and tragedy of an Egyptian queen.Cleopatra
79.3%
Sam plays it one last time.Casablanca
74.7%
Meryl terrorizes Hathaway, her new assistant.The Devil Wears Prada
73.7%
Iconic monster wrecks Tokyo.Godzilla
73.5%
Disney puts classical music
and visual images together.
Fantasia
73.2%
Man with disfigured face terrorizes theater and obsesses over girl who can sing.The Phantom of the Opera
66.8%
J-Lo and Ice Cube hunt giant snake.Anaconda
63.9%
Ancient vampire preys on young women.Dracula
62.1%
Seriously, Argentina, stop crying.Evita
59.2%
Woman blogs about cooking.
Meryl has strange laugh.
Julie & Julia
58.8%
Hanks wins Oscar,
Washington misses nomination.
Philadelphia
58.7%
Brosnan tries to sing.Mamma Mia!
57.8%
Jackman and Kidman in 'Gone with the Wind'
...a couple continents over.
Australia
57.2%
Cheadle houses hundreds of Tutsi refugees.Hotel Rwanda
54.9%
Revenge is brought to corrupt British
government by man in mask.
V for Vendetta
53.8%
Girl returns to South to finalize divorce, but you can't take the Hicksville out of the girl.Sweet Home Alabama
52.9%
Affleck and Damon are banished from heaven.Dogma
52.8%
Japanese war film, when translated means
'Tiger Tiger Tiger.'
Tora! Tora! Tora!
48.9%
Adopted bear becomes Dragon Warrior.Kung Fu Panda
45.9%
Girl sells pretend sex for money,
not good for reputation.
Easy A
41.5%
Principal tortures children.
Child has mental powers.
Matilda
40.3%
Russian girl forgets past, uses necklace to
find grandmother, regains memory.
Anastasia
39.8%
Andrews plays a woman impersonating a man impersonating a woman.Victor Victoria
37.7%
Disney ocean adventure with Nemo...
the captain, not the fish.
20,000 Leagues Under the Sea
37.5%
Hint Film % Correct
Superhero spin-off of 'Daredevil,'
and just as good...
Elektra
37.3%
Oh, What a Beautiful Mornin'Oklahoma!
37.2%
Couple steals baby from quintuplet.Raising Arizona
36.9%
Crowe and Bale rush to catch train.3:10 to Yuma
36.1%
'Rear Window' remade with 'Transformers' star.Disturbia
34.2%
Companion piece to Eastwood's
'Flags of Our Fathers.'
Letters from Iwo Jima
31.1%
Chang Sing, Wing Kong,
Wang Chi, and Kurt Russell
Big Trouble in Little China
29.8%
Otto eats Ken's fish.
Ken runs over Otto with steamroller.
A Fish Called Wanda
29.7%
Musical adaptation starring O'Toole
as Cervantes and Quixote.
Man of La Mancha
29%
Hall, Johansson, and Cruz all want Bardem.Vicky Cristina Barcelona
28.4%
Less iconic monster wrecks Tokyo
(and later fights first monster).
Mothra
27.2%
Thurman likes Hawke even
though he's an 'in-valid.'
Gattaca
26.2%
40-something in love with high school girl marries mother and later kills girl's lover.Lolita
24.8%
Clooney, Damon, Plummer, Cooper, and oil.Syriana
24.4%
Inspired by the mysterious murder
of Actress Elizabeth Short.
Black Dahlia
24%
Cruise and Moore are part of ensemble cast of interrelated characters searching for meaning.Magnolia
23.3%
Imaginitive duo play in woods, girl drowns.Bridge to Terabithia
22%
Streep gets STI from unfaithful husband
in Best Picture winner.
Out of Africa
21%
Saoirse is trained extensively by ex-C.I.A. op.Hanna
19.9%
Man dies in motorcycle accident, followed by
215 minutes of desert flashback.
Lawrence of Arabia
16.7%
Small town hockey players score game
against the New York Rangers.
Mystery, Alaska
16.1%
Hitchcock's only Best Picture winner.Rebecca
15.3%
Whoopi nannies for Liotta,
gets his girl to speak again.
Corrina, Corrina
15%
Hepburn, Holden, Bogart love triangle.
Holden loses.
Sabrina
13.4%
Starring De Niro, Sergio Leone's final film.Once Upon a Time in America
12.7%

You're not logged in!

Compare scores with friends on all Sporcle quizzes.
OR
Log In

Sporcle TV

Today on Sporcle TV


Watch our educational content, quiz creation guides, and fun videos on Sporcle TV.

Show Comments

Extras

Top Quizzes Today


Score Distribution

Your Account Isn't Verified!

In order to create a playlist on Sporcle, you need to verify the email address you used during registration. Go to your Sporcle Settings to finish the process.

Report this User

Report this user for behavior that violates our Community Guidelines.

Details: